Geography Quiz

Random Geography or World Quiz

Continents and Oceans Minefield Quiz Stats

 Plays Quiz Updated Nov 25, 2018

Support Sporcle.
Go Orange.
Score 0/12 Timer 00:30
15 Plays Today
% Correct
???
62.6%
???
62%
???
61.6%
???
61.6%
???
61.3%
???
60.3%
???
59.8%
???
59%
???
57.3%
???
56.4%
???
52.6%
???
49.6%

You're not logged in!

Compare scores with friends on all Sporcle quizzes.
OR
Log In
Forgot?

From the Vault

Movies to Song to Band

by MSUKent

We're making transitions between media forms today.
Remove Ads.
Support Sporcle.
Get the best of Sporcle when you Go Orange. This ad-free experience offers more features, more stats, and more fun while also helping to support Sporcle. Thank you for becoming a member.

Show Comments

Extras

Top Quizzes Today


Score Distribution

Your Account Isn't Verified!

In order to create a playlist on Sporcle, you need to verify the email address you used during registration. Go to your Sporcle Settings to finish the process.

Report this User

Report this user for behavior that violates our Community Guidelines.

Details: